Friends Trivia Quiz Stats

 Plays Quiz not verified by Sporcle

Challenge
Share
Tweet
Embed
Score 0/20 Timer 10:00
0 Plays Today
Hint Answer % Correct
Name of the TV show Joey stars inDays Of Our Lives
98.2%
Colour of the walls in Monica's apartmentPurple
97.3%
The name of Ross' sonBen
97.3%
Phoebe's twin sisterUrsula
96.7%
Name of Rachel's assistant (whom she dates)Tag
91.7%
Friend who is surprisingly good at table footballMonica
90.5%
Name one of Chandler and Monica's adopted babiesJack
89.9%
Where does Ross go when he meets JulieChina
88.1%
Chandler's middle nameMuriel
86.6%
How many categories of towels does Monica have11
80.7%
Hint Answer % Correct
Name of Rachel's colleague that Ross is jealous ofMark
80.1%
What is the occupation of Phoebe's husband whom she married to get him a green cardIce dancer
69.9%
Friend of Phoebe who used to be baldBonnie
69%
The name of the comic Ross wrote when he was youngerScience Boy
66.7%
Which band do Ross, Chandler and Monica go to seeHootie and the Blowfish
61.6%
Who does Joey meet after Chandler leaves him in LondonFergie
47.6%
When Phoebe, Monica, and Rachel wear wedding dresses together, what are they eatingpopcorn
45.8%
Which area are Monica and Chandler moving to in Series 10West Chester
31.5%
How does Joey's character get killed off in his TV ShowFalls down an elevator shaft
31%
What does Phoebe give to Rachel as a leaving presentcotton swab
19.9%

You're not logged in!

Compare scores with friends on all Sporcle quizzes.
OR
Log In

You Might Also Like...

Show Comments

Extras

Top Quizzes Today


Score Distribution

Your Account Isn't Verified!

In order to create a playlist on Sporcle, you need to verify the email address you used during registration. Go to your Sporcle Settings to finish the process.

Report this User

Report this user for behavior that violates our Community Guidelines.

Details: